|
|
|
|
| LEADER |
00000nam0a2200000 4500 |
| 001 |
148223 |
| 005 |
20231031145407.0 |
| 010 |
|
|
|a 5289008292
|
| 035 |
|
|
|a (RuTPU)RU\TPU\book\160677
|
| 090 |
|
|
|a 148223
|
| 100 |
|
|
|a 20081127d1990 m y0rusy50 ca
|
| 101 |
0 |
|
|a rus
|
| 102 |
|
|
|a RU
|
| 105 |
|
|
|a a z 000ay
|
| 200 |
1 |
|
|a Я должна рассказать. Привыкни к свету
|e повести
|f М. Г. Рольникайте
|g авт. послесл. Н. Катерли
|
| 210 |
|
|
|a Ленинград
|c Лениздат
|d 1990
|
| 215 |
|
|
|a 463 с.
|c ил.
|
| 225 |
1 |
|
|a Повести ленинградских писателей
|
| 333 |
|
|
|a Исключено из фонда НТБ ТПУ
|
| 700 |
|
1 |
|a Рольникайте
|b М. Г.
|g Мария Григорьевна
|
| 702 |
|
1 |
|a Катерли
|b Н.
|g Нина
|4 075
|
| 801 |
|
1 |
|a RU
|b 63413507
|c 20081127
|g PSBO
|
| 801 |
|
2 |
|a RU
|b 63413507
|c 20220516
|g RCR
|
| 942 |
|
|
|c BK
|